Volver / (Record no. 193276)

MARC details
000 -LEADER
campo de control de longitud fija 01779nam a2200421 i 4500
001 - NÚMERO DE CONTROL
campo de control 193276
003 - IDENTIFICADOR DE NÚMERO DE CONTROL
campo de control SpMaBN
005 - FECHA Y HORA DE LA ÚLTIMA TRANSACCIÓN
campo de control 20240827063040.0
007 - CAMPO FIJO DE DESCRIPCIÓN FÍSICA--INFORMACIÓN GENERAL
campo de control de longitud fija ta
008 - DATOS DE LONGITUD FIJA--INFORMACIÓN GENERAL
campo de control de longitud fija 061211s2006 sp | ||| ||spa
016 7# - NÚMERO DE CONTROL DE UNA AGENCIA BIBLIOGRÁFICA NACIONAL
Número de control del registro bimoBNE20061124615
Fuente SpMaBN
017 ## - NÚMERO DE COPYRIGHT O DE DEPÓSITO LEGAL
Número de copyright o de depósito legal M 11541-2006
Agencia que asigna Oficina Depósito Legal Madrid
020 ## - NÚMERO INTERNACIONAL ESTÁNDAR DEL LIBRO
Número Internacional Estándar del Libro 8496582140
035 ## - NÚMERO DE CONTROL DEL SISTEMA
Número de control de sistema (OCoLC)433657408
035 ## - NÚMERO DE CONTROL DEL SISTEMA
Número de control de sistema bimo0002148329
040 ## - FUENTE DE CATALOGACIÓN
Centro catalogador/agencia de origen SpMaBN
Lengua de catalogación spa
Centro/agencia transcriptor SpMaBN
Normas de descripción rdc
080 ## - NÚMERO DE LA CLASIFICACIÓN DECIMAL UNIVERSAL
Número de la Clasificación Decimal Universal 821.134.2-2"19"
100 1# - ENTRADA PRINCIPAL--NOMBRE DE PERSONA
Nombre de persona Almodóvar, Pedro,
Fechas asociadas al nombre 1949-
Número de control del registro de autoridad o número normalizado XX4578342
9 (RLIN) 20157
Término indicativo de función/relación Autor
245 10 - MENCIÓN DEL TÍTULO
Título Volver /
Resto del título guión cinematográfico de Pedro Almodóvar
250 ## - MENCION DE EDICION
Mención de edición Primera edición en la Colección espiral: febrero 2006
260 ## - PUBLICACIÓN, DISTRIBUCIÓN, ETC.
Lugar de publicación, distribución, etc. Madrid :
Nombre del editor, distribuidor, etc. Ocho y Medio,
Fecha de publicación, distribución, etc. 2006
300 ## - DESCRIPCIÓN FÍSICA
Extensión 200 páginas, [31] páginas de láminas (color) ;
Dimensiones 21 cm
336 ## - TIPO DE CONTENIDO
Fuente rdacontent
Término de tipo de contenido Texto
337 ## - TIPO DE MEDIO
Fuente rdamedia
Nombre/término del tipo de medio sin mediación
338 ## - TIPO DE SOPORTE
Fuente rdacarrier
Nombre/término del tipo de soporte volumen
490 1# - MENCIÓN DE SERIE
Mención de serie Colección espiral ;
Designación de volumen o secuencia 72
500 ## - NOTA GENERAL
Nota general Índice
520 ## - RESUMEN, ETC.
Sumario, etc. Guion de Volver, película de Pedro Almodóvar con Penelope Cruz, Carmen Maura, Lola Dueñas, Blanca Portillo, Yohana Cobo y Chus Lampreave, magníficas actrices a las órdenes de un director inigualable nos relatan una historia donde los límites entre comedia y drama quedan difuminados.
655 #7 - TERMINO DE INDIZACIÓN--GENERO/FORMA
Datos o término principal de género/forma Guiones cinematográficos
Fuente del término tgfbne
9 (RLIN) 234355
830 ## - PUNTO DE ACCESO ADICIONAL DE SERIE-TÍTULO UNIFORME
9 (RLIN) 225822
Título uniforme Colección espiral
852 ## - LOCALIZACIÓN
Ubicación ES-MaACL
Sublocalización o colección R. 154680
Ubicación en estantería Depósito J
itemnumber 200707
Donativo/Legado Donación: Pedro Almodóvar
Número de control de estantería N-9454
Encuadernación Encuadernación rústica
903 ## - NOMBRE PERSONAL DE DONANTE
9 20157
a Almodóvar, Pedro,
d 1949-
e Donante
942 ## - ELEMENTOS DE ENTRADA SECUNDARIOS (KOHA)
Suprimir en OPAC No
Tipo de ítem Koha Libro impreso
Holdings
Estatus retirado Estado de pérdida Fuente del sistema de clasificación o colocación Estado de daño No para préstamo Biblioteca de origen Biblioteca actual Ubicación en estantería Fecha de adquisición Fuente de adquisición Número de control de estantería Total de préstamos Signatura topográfica completa Código de barras Visto por última vez Precio de reemplazo Tipo de ítem Koha
    Clasificación decimal universal     Biblioteca del Ateneo de Madrid Biblioteca del Ateneo de Madrid Depósito J 26/10/2023 Donación Ateneísta   N-9454 101205995 26/10/2023 26/10/2023 Libro impreso